[Event "Biel Master Tournament 2019"]
[Site "Biel"]
[Date "2019.07.28"]
[Round "6.10"]
[White "Dhulipalla Bala Chandra Prasad"]
[Black "Moussard, Jules"]
[Result "1/2-1/2"]
[WhiteElo "2419"]
[BlackElo "2576"]
[Annotator "ChessBase"]
[PlyCount "127"]
[EventDate "2019.07.20"]
[EventType "swiss"]
[EventCountry "SUI"]
[SourceTitle "playchess.com"]
[Source "ChessBase"]
[SourceQuality "1"]
[TimeControl "40/5400+30:1800+30"]

1. d4 {[%emt 0:00:00]} f5 {[%emt 0:09:38]} 2. Nf3 {[%emt 0:00:02]} Nf6 {[%emt 0:00:08]} 3. g3 {[%emt 0:00:06]} g6 {[%emt 0:00:04]} 4. Bg2 {[%emt 0:00:04]} Bg7 {[%emt 0:00:04]} 5. O-O {[%emt 0:00:05]} O-O {[%emt 0:00:06]} 6. c4 {[%emt 0:00:38]} d6 {[%emt 0:00:12]} 7. Nc3 {[%emt 0:00:06]} c6 {[%emt 0:00:04]} 8. Rb1 {[%emt 0:01:25]} a5 {[%emt 0:00:07]} 9. d5 {[%emt 0:00:42]} e5 {[%emt 0:01:09]} 10. dxe6 {[%emt 0:00:19]} Bxe6 {[%emt 0:00:08]} 11. b3 {[%emt 0:03:17]} Na6 {[%emt 0:02:14]} 12. Ng5 {[%emt 0:16:49]} Bc8 {[%emt 0:04:09]} 13. Bb2 {[%emt 0:07:39]} Qe7 {[%emt 0:00:24]} 14. Qc2 {[%emt 0:07:52]} h6 {[%emt 0:02:37]} 15. Nf3 {[%emt 0:01:49]} Be6 {[%emt 0:00:24]} 16. Rbd1 {[%emt 0:01:23]} Nc5 {[%emt 0:05:39]} 17. e3 {[%emt 0:01:53]} Nfe4 {[%emt 0:09:50]} 18. Rfe1 {[%emt 0:09:04]} a4 {[%emt 0:07:15]} 19. Nd4 {[%emt 0:09:46]} Bf7 {[%emt 0:00:46]} 20. b4 {[%emt 0:17:31]} a3 {[%emt 0:07:51]} 21. Ba1 {[%emt 0:00:05]} Na6 {[%emt 0:07:05]} 22. Nxe4 {[%emt 0:10:24]} fxe4 {[%emt 0:00:24]} 23. b5 {[%emt 0:01:38]} Nb4 {[%emt 0:13:28]} 24. Qxe4 {[%emt 0:04:01]} Qxe4 {[%emt 0:00:37]} 25. Bxe4 {[%emt 0:00:02]} Rfe8 {[%emt 0:00:28]} 26. Bb1 {[%emt 0:01:42]} cxb5 {[%emt 0:01:37]} 27. Bc3 {[%emt 0:00:41]} Nc6 {[%emt 0:00:52]} 28. cxb5 {[%emt 0:00:29]} Ne5 {[%emt 0:00:09]} 29. Kg2 {[%emt 0:02:00]} Ra4 {[%emt 0:09:20]} 30. Rc1 {[%emt 0:00:48]} Rc4 {[%emt 0:00:53]} 31. Bd2 {[%emt 0:01:51]} Bd5+ {[%emt 0:00:43]} 32. Kf1 {[%emt 0:00:25]} Kf7 {[%emt 0:04:19]} 33. h3 {[%emt 0:00:52]} Rxc1 {[%emt 0:05:17]} 34. Rxc1 {[%emt 0:00:43]} Bc4+ {[%emt 0:00:07]} 35. Kg2 {[%emt 0:00:09]} d5 {[%emt 0:00:06]} 36. Bc2 {[%emt 0:00:37]} Bf8 {[%emt 0:01:47]} 37. f4 {[%emt 0:00:48]} Nd7 {[%emt 0:02:50]} 38. Bb3 {[%emt 0:00:12]} Nb6 {[%emt 0:00:04]} 39. Ba5 {[%emt 0:00:53]} Bxb3 {[%emt 0:02:02]} 40. axb3 {[%emt 0:00:01]} Rc8 {[%emt 0:00:13]} 41. Ra1 {[%emt 0:20:31]} Nd7 {[%emt 0:01:18]} 42. Bd2 {[%emt 0:00:20]} Ra8 {[%emt 0:02:09]} 43. Ra2 {[%emt 0:04:00]} Nc5 {[%emt 0:03:16]} 44. Bb4 {[%emt 0:05:38]} Nxb3 {[%emt 0:00:08]} 45. Rxa3 {[%emt 0:00:24]} Rxa3 {[%emt 0:00:06]} 46. Bxa3 {[%emt 0:00:04]} Nxd4 {[%emt 0:00:06]} 47. Bxf8 {[%emt 0:00:03]} Nxb5 {[%emt 0:00:06]} 48. Bb4 {[%emt 0:01:26]} Na7 {[%emt 0:11:39]} 49. Kf3 {[%emt 0:00:05]} Nc6 {[%emt 0:00:02]} 50. Bc5 {[%emt 0:01:14]} Na5 {[%emt 0:01:52]} 51. g4 {[%emt 0:01:23]} b5 {[%emt 0:04:08]} 52. e4 {[%emt 0:00:29]} Nb3 {[%emt 0:02:03]} 53. Be3 {[%emt 0:00:02]} d4 {[%emt 0:00:09]} 54. Bg1 {[%emt 0:00:19]} Nd2+ {[%emt 0:01:11]} 55. Ke2 {[%emt 0:00:02]} Nxe4 {[%emt 0:00:03]} 56. Kd3 {[%emt 0:00:11]} Nc5+ {[%emt 0:00:10]} 57. Kxd4 {[%emt 0:00:08]} Ne6+ {[%emt 0:00:02]} 58. Ke4 {[%emt 0:01:46]} b4 {[%emt 0:00:03]} 59. Be3 {[%emt 0:00:19]} h5 {[%emt 0:03:11]} 60. Kd3 {[%emt 0:00:52]} Nc7 {[%emt 0:01:16]} 61. Kc4 {[%emt 0:00:36]} Ne8 {[%emt 0:00:06]} 62. Kxb4 {[%emt 0:00:23]} hxg4 {[%emt 0:00:02]} 63. hxg4 {[%emt 0:00:08]} Nf6 {[%emt 0:00:01]} 64. f5 {[%emt 0:00:28]} 1/2-1/2

[Event "Biel Master Tournament 2019"]
[Site "Biel"]
[Date "2019.07.28"]
[Round "6.11"]
[White "Rahul Srivatshav P"]
[Black "Santos Ruiz, Miguel"]
[Result "1-0"]
[WhiteElo "2414"]
[BlackElo "2567"]
[Annotator "ChessBase"]
[PlyCount "83"]
[EventDate "2019.07.20"]
[EventType "swiss"]
[EventCountry "SUI"]
[SourceTitle "playchess.com"]
[Source "ChessBase"]
[SourceQuality "1"]
[TimeControl "40/5400+30:1800+30"]

1. d4 {[%emt 0:13:02]} Nf6 {[%emt 0:00:00]} 2. c4 {[%emt 0:00:45]} e6 {[%emt 0:00:00]} 3. g3 {[%emt 0:00:05]} d5 {[%emt 0:00:00]} 4. Nf3 {[%emt 0:00:01]} dxc4 {[%emt 0:00:30]} 5. Bg2 {[%emt 0:00:09]} Bb4+ {[%emt 0:00:04]} 6. Bd2 {[%emt 0:00:32]} a5 {[%emt 0:00:05]} 7. Qc2 {[%emt 0:00:56]} b6 {[%emt 0:00:05]} 8. O-O {[%emt 0:07:57]} Bb7 {[%emt 0:01:14]} 9. a3 {[%emt 0:03:32]} Bxd2 {[%emt 0:15:11]} 10. Nbxd2 {[%emt 0:03:05]} b5 {[%emt 0:00:05]} 11. a4 {[%emt 0:09:52]} c6 {[%emt 0:00:41]} 12. b3 {[%emt 0:11:36]} cxb3 {[%emt 0:00:54]} 13. Nxb3 {[%emt 0:00:24]} b4 {[%emt 0:20:17]} 14. Ne5 {[%emt 0:01:33]} O-O {[%emt 0:11:41]} 15. e4 {[%emt 0:08:02]} Qc7 {[%emt 0:12:03]} 16. Rfc1 {[%emt 0:08:52]} Rd8 {[%emt 0:06:23]} 17. h3 {[%emt 0:03:47]} h6 {[%emt 0:03:36]} 18. f4 {[%emt 0:04:56]} Rc8 {[%emt 0:03:47]} 19. Nc4 {[%emt 0:05:17]} Nbd7 {[%emt 0:01:36]} 20. e5 {[%emt 0:00:58]} Nd5 {[%emt 0:08:28]} 21. Nd6 {[%emt 0:01:43]} Ne3 {[%emt 0:00:30]} 22. Qf2 {[%emt 0:02:30]} Nxg2 {[%emt 0:00:07]} 23. Nxc8 {[%emt 0:03:43]} Rxc8 {[%emt 0:00:08]} 24. Nc5 {[%emt 0:00:16]} Nxc5 {[%emt 0:00:46]} 25. Rxc5 {[%emt 0:01:31]} Nxf4 {[%emt 0:00:16]} 26. gxf4 {[%emt 0:00:31]} Rd8 {[%emt 0:00:25]} 27. Kh2 {[%emt 0:00:47]} Rd7 {[%emt 0:00:46]} 28. Rg1 {[%emt 0:01:33]} Qd8 {[%emt 0:01:34]} 29. Qg3 {[%emt 0:01:19]} g6 {[%emt 0:03:38]} 30. f5 {[%emt 0:01:10]} exf5 {[%emt 0:05:23]} 31. e6 {[%emt 0:00:10]} Rd6 {[%emt 0:00:02]} 32. exf7+ {[%emt 0:00:31]} Kxf7 {[%emt 0:00:05]} 33. Rxf5+ {[%emt 0:00:41]} gxf5 {[%emt 0:00:27]} 34. Qg7+ {[%emt 0:00:06]} Ke6 {[%emt 0:00:01]} 35. Rg6+ {[%emt 0:00:13]} Kd5 {[%emt 0:00:04]} 36. Qe5+ {[%emt 0:00:07]} Kc4 {[%emt 0:00:01]} 37. Qc5+ {[%emt 0:00:06]} Kb3 {[%emt 0:00:23]} 38. Rg2 {[%emt 0:03:57]} Ka3 {[%emt 0:00:04]} 39. Qc4 {[%emt 0:00:07]} b3 {[%emt 0:00:06]} 40. Qc5+ {[%emt 0:00:08]} Kxa4 {[%emt 0:00:05]} 41. Rg1 {[%emt 0:30:41]} b2 {[%emt 0:30:25]} 42. Qc4+ {[%emt 0:00:04]} 1-0

[Event "Biel Master Tournament 2019"]
[Site "Biel"]
[Date "2019.07.28"]
[Round "6.12"]
[White "Aryan, Chopra"]
[Black "Saravanan, V.."]
[Result "1-0"]
[WhiteElo "2553"]
[BlackElo "2332"]
[Annotator "ChessBase"]
[PlyCount "93"]
[EventDate "2019.07.20"]
[EventType "swiss"]
[EventCountry "SUI"]
[SourceTitle "playchess.com"]
[Source "ChessBase"]
[SourceQuality "1"]
[TimeControl "40/5400+30:1800+30"]

1. e4 {[%emt 0:00:00]} e6 {[%emt 0:00:15]} 2. d4 {[%emt 0:00:00]} d5 {[%emt 0:00:10]} 3. Nc3 {[%emt 0:00:00]} Nf6 {[%emt 0:00:07]} 4. e5 {[%emt 0:00:00]} Nfd7 {[%emt 0:00:07]} 5. f4 {[%emt 0:00:00]} c5 {[%emt 0:00:10]} 6. Nf3 {[%emt 0:00:00]} Nc6 {[%emt 0:00:21]} 7. Be3 {[%emt 0:00:00]} Be7 {[%emt 0:00:14]} 8. Qd2 {[%emt 0:00:15]} O-O {[%emt 0:02:44]} 9. dxc5 {[%emt 0:00:11]} Nxc5 {[%emt 0:01:46]} 10. O-O-O {[%emt 0:00:20]} a6 {[%emt 0:01:22]} 11. Qf2 {[%emt 0:00:58]} Nd7 {[%emt 0:14:35]} 12. Nd4 {[%emt 0:06:58]} Na5 {[%emt 0:02:40]} 13. Qg3 {[%emt 0:09:07]} b5 {[%emt 0:02:10]} 14. Bd3 {[%emt 0:19:57]} Bb7 {[%emt 0:21:58]} 15. f5 {[%emt 0:17:17]} Nxe5 {[%emt 0:00:50]} 16. Qxe5 {[%emt 0:04:11]} Bf6 {[%emt 0:00:06]} 17. Qg3 {[%emt 0:11:42]} e5 {[%emt 0:00:06]} 18. Nb3 {[%emt 0:07:12]} Nxb3+ {[%emt 0:07:33]} 19. axb3 {[%emt 0:00:02]} d4 {[%emt 0:00:11]} 20. Be4 {[%emt 0:02:15]} Qe7 {[%emt 0:02:10]} 21. Qf3 {[%emt 0:02:56]} Bxe4 {[%emt 0:15:37]} 22. Nxe4 {[%emt 0:00:05]} dxe3 {[%emt 0:00:06]} 23. Qxe3 {[%emt 0:00:07]} Rfc8 {[%emt 0:05:54]} 24. Rd5 {[%emt 0:05:55]} Qc7 {[%emt 0:02:29]} 25. Qd3 {[%emt 0:00:40]} Rd8 {[%emt 0:02:04]} 26. Rd1 {[%emt 0:01:17]} Be7 {[%emt 0:01:03]} 27. Qc3 {[%emt 0:04:29]} Qxc3 {[%emt 0:01:50]} 28. bxc3 {[%emt 0:00:04]} f6 {[%emt 0:01:22]} 29. Rxd8+ {[%emt 0:05:41]} Rxd8 {[%emt 0:00:44]} 30. Rxd8+ {[%emt 0:00:06]} Bxd8 {[%emt 0:00:04]} 31. Kd2 {[%emt 0:00:19]} g6 {[%emt 0:06:47]} 32. g4 {[%emt 0:00:25]} gxf5 {[%emt 0:00:04]} 33. gxf5 {[%emt 0:00:07]} Kg7 {[%emt 0:00:03]} 34. Nc5 {[%emt 0:02:01]} Kh6 {[%emt 0:00:09]} 35. Kd3 {[%emt 0:00:15]} a5 {[%emt 0:00:05]} 36. c4 {[%emt 0:01:34]} Be7 {[%emt 0:04:04]} 37. Ne4 {[%emt 0:00:19]} a4 {[%emt 0:02:25]} 38. bxa4 {[%emt 0:01:26]} bxa4 {[%emt 0:00:05]} 39. c5 {[%emt 0:00:13]} Kh5 {[%emt 0:00:42]} 40. c6 {[%emt 0:00:39]} Bd8 {[%emt 0:00:04]} 41. h3 {[%emt 0:10:15]} Ba5 {[%emt 0:10:39]} 42. c4 {[%emt 0:05:42]} Kh4 {[%emt 0:00:08]} 43. Kc2 {[%emt 0:00:14]} h5 {[%emt 0:00:34]} 44. c5 {[%emt 0:01:19]} Kxh3 {[%emt 0:05:08]} 45. Nxf6 {[%emt 0:00:08]} h4 {[%emt 0:00:04]} 46. Ne4 {[%emt 0:00:27]} Kg2 {[%emt 0:01:13]} 47. f6 {[%emt 0:00:09]} 1-0

[Event "Biel Master Tournament 2019"]
[Site "Biel"]
[Date "2019.07.28"]
[Round "6.14"]
[White "Shchekachev, Andrei"]
[Black "Sukandar, Irine Kharisma"]
[Result "1-0"]
[WhiteElo "2531"]
[BlackElo "2396"]
[Annotator "ChessBase"]
[PlyCount "85"]
[EventDate "2019.07.20"]
[EventType "swiss"]
[EventCountry "SUI"]
[SourceTitle "playchess.com"]
[Source "ChessBase"]
[SourceQuality "1"]
[TimeControl "40/5400+30:1800+30"]

1. Nf3 {[%emt 0:00:00]} Nf6 {[%emt 0:00:18]} 2. c4 {[%emt 0:00:00]} e6 {[%emt 0:00:41]} 3. Nc3 {[%emt 0:00:17]} d5 {[%emt 0:00:32]} 4. d4 {[%emt 0:00:15]} dxc4 {[%emt 0:00:57]} 5. Bg5 {[%emt 0:01:44]} Bb4 {[%emt 0:00:37]} 6. e4 {[%emt 0:00:37]} b5 {[%emt 0:00:24]} 7. a4 {[%emt 0:00:54]} c5 {[%emt 0:00:25]} 8. axb5 {[%emt 0:00:32]} cxd4 {[%emt 0:00:38]} 9. Nxd4 {[%emt 0:00:10]} h6 {[%emt 0:03:19]} 10. Be3 {[%emt 0:02:17]} Nxe4 {[%emt 0:13:21]} 11. Qc2 {[%emt 0:02:01]} Bb7 {[%emt 0:01:10]} 12. Bxc4 {[%emt 0:20:23]} O-O {[%emt 0:09:09]} 13. O-O {[%emt 0:04:42]} Nxc3 {[%emt 0:00:43]} 14. bxc3 {[%emt 0:00:37]} Bd6 {[%emt 0:00:39]} 15. Be2 {[%emt 0:08:13]} Qc7 {[%emt 0:04:01]} 16. h3 {[%emt 0:26:57]} Nd7 {[%emt 0:02:58]} 17. Nb3 {[%emt 0:09:56]} Nc5 {[%emt 0:11:37]} 18. Nxc5 {[%emt 0:00:28]} Bxc5 {[%emt 0:00:05]} 19. Bxc5 {[%emt 0:00:10]} Qxc5 {[%emt 0:00:02]} 20. Rfd1 {[%emt 0:01:12]} Rfd8 {[%emt 0:04:37]} 21. Qb3 {[%emt 0:01:55]} g6 {[%emt 0:08:45]} 22. Bf1 {[%emt 0:11:15]} Rd5 {[%emt 0:02:35]} 23. c4 {[%emt 0:02:48]} Rxd1 {[%emt 0:02:56]} 24. Rxd1 {[%emt 0:00:58]} a6 {[%emt 0:00:59]} 25. Ra1 {[%emt 0:02:43]} Qe5 {[%emt 0:05:04]} 26. Qb1 {[%emt 0:00:57]} Rb8 {[%emt 0:00:51]} 27. Ra3 {[%emt 0:00:51]} axb5 {[%emt 0:01:18]} 28. cxb5 {[%emt 0:00:01]} Bd5 {[%emt 0:01:01]} 29. Qc1 {[%emt 0:00:32]} h5 {[%emt 0:05:43]} 30. Rc3 {[%emt 0:00:16]} Kg7 {[%emt 0:01:18]} 31. Rc8 {[%emt 0:01:17]} Rxc8 {[%emt 0:04:34]} 32. Qxc8 {[%emt 0:00:02]} Qb2 {[%emt 0:00:17]} 33. Qc7 {[%emt 0:00:41]} Qb1 {[%emt 0:03:15]} 34. Qc5 {[%emt 0:00:41]} Kg8 {[%emt 0:00:56]} 35. Qd4 {[%emt 0:00:26]} Kf8 {[%emt 0:01:04]} 36. Qc5+ {[%emt 0:00:26]} Kg8 {[%emt 0:01:19]} 37. Qd4 {[%emt 0:00:09]} Kf8 {[%emt 0:00:15]} 38. h4 {[%emt 0:00:06]} Ke8 {[%emt 0:00:39]} 39. Qc5 {[%emt 0:00:54]} Qe4 {[%emt 0:06:32]} 40. b6 {[%emt 0:00:47]} Bc6 {[%emt 0:03:19]} 41. b7 {[%emt 0:02:06]} Bxb7 {[%emt 0:00:53]} 42. Bb5+ {[%emt 0:00:08]} Kd8 {[%emt 0:00:13]} 43. Qd6+ {[%emt 0:00:08]} 1-0

[Event "Biel Master Tournament 2019"]
[Site "Biel"]
[Date "2019.07.28"]
[Round "6.15"]
[White "Gukesh D"]
[Black "Wong, Jianwen"]
[Result "1-0"]
[WhiteElo "2520"]
[BlackElo "2301"]
[Annotator "ChessBase"]
[PlyCount "75"]
[EventDate "2019.07.20"]
[EventType "swiss"]
[EventCountry "SUI"]
[SourceTitle "playchess.com"]
[Source "ChessBase"]
[SourceQuality "1"]
[TimeControl "40/5400+30:1800+30"]

1. e4 {[%emt 0:00:00]} c5 {[%emt 0:01:37]} 2. Nf3 {[%emt 0:00:21]} Nc6 {[%emt 0:00:04]} 3. Bb5 {[%emt 0:00:00]} g6 {[%emt 0:00:59]} 4. Bxc6 {[%emt 0:00:44]} dxc6 {[%emt 0:00:00]} 5. d3 {[%emt 0:00:19]} Bg7 {[%emt 0:02:33]} 6. h3 {[%emt 0:02:20]} Nf6 {[%emt 0:00:00]} 7. Nc3 {[%emt 0:00:12]} Nd7 {[%emt 0:00:00]} 8. Be3 {[%emt 0:00:08]} e5 {[%emt 0:00:00]} 9. Qc1 {[%emt 0:01:11]} h6 {[%emt 0:00:00]} 10. O-O {[%emt 0:01:05]} b6 {[%emt 0:05:59]} 11. a3 {[%emt 0:00:48]} Nf8 {[%emt 0:05:44]} 12. b4 {[%emt 0:02:34]} Ne6 {[%emt 0:05:16]} 13. bxc5 {[%emt 0:01:34]} bxc5 {[%emt 0:17:24]} 14. Na4 {[%emt 0:10:08]} Qa5 {[%emt 0:10:28]} 15. Nb2 {[%emt 0:02:11]} Qc7 {[%emt 0:00:46]} 16. Nd2 {[%emt 0:06:52]} f5 {[%emt 0:06:26]} 17. f3 {[%emt 0:14:22]} f4 {[%emt 0:03:00]} 18. Bf2 {[%emt 0:00:06]} g5 {[%emt 0:00:03]} 19. Na4 {[%emt 0:04:03]} Qa5 {[%emt 0:02:36]} 20. Nxc5 {[%emt 0:01:10]} h5 {[%emt 0:07:42]} 21. Rb1 {[%emt 0:16:45]} Bf8 {[%emt 0:06:17]} 22. Nc4 {[%emt 0:04:43]} Qc7 {[%emt 0:05:42]} 23. Rb7 {[%emt 0:04:35]} Bxb7 {[%emt 0:02:54]} 24. Nxe6 {[%emt 0:00:04]} Qe7 {[%emt 0:01:25]} 25. Nxf8 {[%emt 0:00:46]} Kxf8 {[%emt 0:00:58]} 26. Qb2 {[%emt 0:00:37]} Re8 {[%emt 0:02:22]} 27. Nxe5 {[%emt 0:03:10]} Qxe5 {[%emt 0:00:14]} 28. Bd4 {[%emt 0:00:24]} Qb5 {[%emt 0:00:42]} 29. Bxh8 {[%emt 0:00:39]} Qxb2 {[%emt 0:00:24]} 30. Bxb2 {[%emt 0:00:03]} Kf7 {[%emt 0:02:27]} 31. Bd4 {[%emt 0:01:02]} Ra8 {[%emt 0:00:40]} 32. Rb1 {[%emt 0:00:12]} Bc8 {[%emt 0:00:18]} 33. Bc5 {[%emt 0:03:28]} a5 {[%emt 0:02:06]} 34. Rb6 {[%emt 0:00:21]} Bd7 {[%emt 0:00:06]} 35. Rb7 {[%emt 0:00:30]} Ke6 {[%emt 0:00:19]} 36. d4 {[%emt 0:00:22]} Rg8 {[%emt 0:01:11]} 37. c4 {[%emt 0:01:36]} Bc8 {[%emt 0:01:39]} 38. Rc7 {[%emt 0:00:15] Kd5} 1-0

[Event "Biel Master Tournament 2019"]
[Site "Biel"]
[Date "2019.07.28"]
[Round "6.16"]
[White "Tania, Sachdev"]
[Black "Shyam, Sundar M."]
[Result "0-1"]
[WhiteElo "2401"]
[BlackElo "2520"]
[Annotator "ChessBase"]
[PlyCount "78"]
[EventDate "2019.07.20"]
[EventType "swiss"]
[EventCountry "SUI"]
[SourceTitle "playchess.com"]
[Source "ChessBase"]
[SourceQuality "1"]
[TimeControl "40/5400+30:1800+30"]

1. d4 {[%emt 0:01:54]} d6 {[%emt 0:00:00]} 2. c4 {[%emt 0:00:05]} e5 {[%emt 0:00:00]} 3. Nc3 {[%emt 0:00:10]} exd4 {[%emt 0:00:00]} 4. Qxd4 {[%emt 0:00:02]} Nc6 {[%emt 0:00:00]} 5. Qd2 {[%emt 0:00:13]} Nf6 {[%emt 0:00:12]} 6. b3 {[%emt 0:01:18]} Be6 {[%emt 0:00:17]} 7. e4 {[%emt 0:00:18]} a5 {[%emt 0:00:05]} 8. Bb2 {[%emt 0:00:44]} a4 {[%emt 0:00:08]} 9. Rd1 {[%emt 0:00:05]} axb3 {[%emt 0:00:10]} 10. axb3 {[%emt 0:00:05]} g6 {[%emt 0:00:03]} 11. Bd3 {[%emt 0:00:09]} Bg7 {[%emt 0:00:05]} 12. Nge2 {[%emt 0:00:28]} Nd7 {[%emt 0:00:06]} 13. Nd5 {[%emt 0:16:08]} Nce5 {[%emt 0:00:42]} 14. Bb1 {[%emt 0:02:02]} Nc5 {[%emt 0:17:57]} 15. Nd4 {[%emt 0:03:47]} O-O {[%emt 0:15:55]} 16. Bc3 {[%emt 0:25:27]} c6 {[%emt 0:36:46]} 17. Ne3 {[%emt 0:01:11]} Qg5 {[%emt 0:00:36]} 18. Qe2 {[%emt 0:39:34]} f5 {[%emt 0:12:25]} 19. b4 {[%emt 0:02:19]} f4 {[%emt 0:00:05]} 20. bxc5 {[%emt 0:00:43]} fxe3 {[%emt 0:00:02]} 21. f4 {[%emt 0:01:52]} Qxf4 {[%emt 0:09:48]} 22. Nxe6 {[%emt 0:00:18]} Qh4+ {[%emt 0:02:40]} 23. g3 {[%emt 0:00:02]} Qh3 {[%emt 0:02:16]} 24. Ng5 {[%emt 0:02:20]} Qh6 {[%emt 0:01:05]} 25. Bxe5 {[%emt 0:00:45]} Bxe5 {[%emt 0:00:25]} 26. Qg4 {[%emt 0:00:01]} Rf2 {[%emt 0:00:28]} 27. Rd3 {[%emt 0:00:49]} Qf8 {[%emt 0:00:36]} 28. Qe6+ {[%emt 0:00:23]} Kh8 {[%emt 0:00:19]} 29. Qd7 {[%emt 0:00:40]} Bg7 {[%emt 0:00:14]} 30. Ne6 {[%emt 0:00:31]} Ra1 {[%emt 0:00:01]} 31. Qxg7+ {[%emt 0:00:18]} Qxg7 {[%emt 0:00:01]} 32. Nxg7 {[%emt 0:00:01]} Rxb1+ {[%emt 0:00:07]} 33. Rd1 {[%emt 0:00:02]} Rbb2 {[%emt 0:00:43]} 34. Rxd6 {[%emt 0:00:18]} Kxg7 {[%emt 0:00:33]} 35. e5 {[%emt 0:01:28]} Kf7 {[%emt 0:00:10]} 36. Rd3 {[%emt 0:00:40]} Rbe2+ {[%emt 0:01:01]} 37. Kd1 {[%emt 0:00:02]} Ke6 {[%emt 0:01:09]} 38. Re1 {[%emt 0:01:14]} Ra2 {[%emt 0:00:26]} 39. Rd6+ {[%emt 0:00:04]} Kxe5 {[%emt 0:00:30]} 0-1

[Event "Biel Master Tournament 2019"]
[Site "Biel"]
[Date "2019.07.28"]
[Round "6.17"]
[White "Martirosyan, Haik M."]
[Black "Low, Zhen Yu Cyrus"]
[Result "1-0"]
[WhiteElo "2619"]
[BlackElo "2155"]
[Annotator "RC"]
[PlyCount "83"]
[EventDate "2019.07.20"]
[EventType "swiss"]
[EventCountry "SUI"]
[SourceTitle "playchess.com"]
[Source "ChessBase"]
[SourceQuality "1"]
[TimeControl "40/5400+30:1800+30"]

1. d4 {[%emt 0:01:11]} Nf6 {[%emt 0:00:00]} 2. c4 {[%emt 0:00:09]} g6 {[%emt 0:00:00]} 3. f3 {[%emt 0:00:07]} d5 {[%emt 0:00:03]} 4. cxd5 {[%emt 0:00:07]} Nxd5 {[%emt 0:00:04]} 5. e4 {[%emt 0:00:06]} Nb6 {[%emt 0:00:05]} 6. Nc3 {[%emt 0:00:05]} Bg7 {[%emt 0:00:06]} 7. Be3 {[%emt 0:00:05]} O-O {[%emt 0:00:06]} 8. Qd2 {[%emt 0:00:06]} Nc6 {[%emt 0:00:05]} 9. O-O-O {[%emt 0:00:06]} f5 {[%emt 0:00:05]} 10. h4 {[%emt 0:04:18]} fxe4 {[%emt 0:07:34]} 11. h5 {[%emt 0:00:09]} gxh5 {[%emt 0:09:07]} 12. Rxh5 {[%emt 0:00:33]} Bf5 {[%emt 0:00:24]} 13. Rg5 {[%emt 0:00:53]} Bg6 {[%emt 0:03:16]} 14. Be2 {[%emt 0:13:33]} Qe8 {[%emt 0:19:29]} 15. fxe4 {[%emt 0:09:16]} Rd8 {[%emt 0:00:43]} 16. d5 {[%emt 0:08:03]} Ne5 {[%emt 0:02:44]} 17. Bd4 {[%emt 0:21:24]} Nbc4 {[%emt 0:06:25]} 18. Qe1 {[%emt 0:01:20]} Bh6 {[%emt 0:00:25]} 19. Qh4 {[%emt 0:01:36]} Nf7 {[%emt 0:00:57]} 20. Nh3 {[%emt 0:01:20]} e5 {[%emt 0:05:45]} 21. Bc5 {[%emt 0:01:38]} Ncd6 {[%emt 0:01:11]} 22. Bg4 {[%emt 0:03:01]} b6 {[%emt 0:07:07]} 23. Be3 {[%emt 0:04:37]} Bxg5 {[%emt 0:01:07]} 24. Nxg5 {[%emt 0:01:20]} Qe7 {[%emt 0:01:56]} 25. Be6 {[%emt 0:01:15]} Rde8 {[%emt 0:14:47]} 26. Rh1 {[%emt 0:03:24]} Kh8 {[%emt 0:03:38]} 27. g4 {[%emt 0:17:38]} Nd8 {[%emt 0:12:05]} 28. Bf5 {[%emt 0:01:34]} Rg8 {[%emt 0:00:41]} 29. Qh6 {[%emt 0:02:07]} Qg7 {[%emt 0:00:57]} 30. Qh2 {[%emt 0:00:10]} Re7 {[%emt 0:01:22]} 31. b3 {[%emt 0:01:07]} Rf8 {[%emt 0:02:14]} 32. Qh4 {[%emt 0:01:23]} Kg8 {[%emt 0:00:46]} 33. Ne6 {[%emt 0:00:33]} Nxe6 {[%emt 0:00:16]} 34. dxe6 {[%emt 0:00:02]} Rfe8 {[%emt 0:00:59]} 35. Bh6 {[%emt 0:00:24]} Qh8 36. Rf1 {[%emt 0:00:37]} c6 {[%emt 0:00:38]} 37. Qg5 {[%emt 0:00:37]} Rg7 {[%emt 0:00:17]} 38. Qf6 {[%emt 0:02:10]} Rge7 {[%emt 0:00:27]} 39. Qg5 {[%emt 0:00:45]} Rg7 {[%emt 0:00:01]} 40. Qd2 {[%emt 0:00:29]} Nb7 {[%emt 0:00:46]} 41. Bxg6 {[%emt 0:05:08]} hxg6 {[%emt 0:01:11]} 42. Bxg7 {[%emt 0:00:14]} 1-0

[Event "Biel Master Tournament 2019"]
[Site "Biel"]
[Date "2019.07.28"]
[Round "6.18"]
[White "Akash G"]
[Black "Antipov, Mikhail Al."]
[Result "1-0"]
[WhiteElo "2394"]
[BlackElo "2582"]
[Annotator "ChessBase"]
[PlyCount "57"]
[EventDate "2019.07.20"]
[EventType "swiss"]
[EventCountry "SUI"]
[SourceTitle "playchess.com"]
[Source "ChessBase"]
[SourceQuality "1"]
[TimeControl "40/5400+30:1800+30"]

1. e4 {[%emt 0:00:00]} c5 {[%emt 0:00:00]} 2. Nf3 {[%emt 0:00:00]} d6 {[%emt 0:00:00]} 3. d4 {[%emt 0:00:00]} cxd4 {[%emt 0:00:00]} 4. Nxd4 {[%emt 0:00:05]} Nf6 {[%emt 0:00:00]} 5. Nc3 {[%emt 0:00:10]} a6 {[%emt 0:00:00]} 6. Be3 {[%emt 0:01:04]} e5 {[%emt 0:00:00]} 7. Nb3 {[%emt 0:00:05]} Be6 {[%emt 0:00:03]} 8. h3 {[%emt 0:00:18]} Nbd7 {[%emt 0:04:01]} 9. g4 {[%emt 0:03:47]} g6 {[%emt 0:07:55]} 10. Qd2 {[%emt 0:16:21]} b5 {[%emt 0:15:26]} 11. Bg2 {[%emt 0:03:24]} Nb6 {[%emt 0:04:20]} 12. Na5 {[%emt 0:03:16]} Qc7 {[%emt 0:24:53]} 13. f4 {[%emt 0:11:10]} Na4 {[%emt 0:16:14]} 14. Nxa4 {[%emt 0:08:16]} bxa4 {[%emt 0:00:01]} 15. O-O {[%emt 0:05:06]} Be7 {[%emt 0:01:11]} 16. f5 {[%emt 0:03:04]} Bd7 {[%emt 0:00:31]} 17. b4 {[%emt 0:02:05]} Rb8 {[%emt 0:02:11]} 18. a3 {[%emt 0:04:01]} Bc6 {[%emt 0:08:51]} 19. Qd3 {[%emt 0:03:26]} Rc8 {[%emt 0:04:59]} 20. c4 {[%emt 0:06:47]} gxf5 {[%emt 0:04:39]} 21. Rxf5 {[%emt 0:01:06]} Bd7 {[%emt 0:00:04]} 22. Raf1 {[%emt 0:04:22]} Bxf5 {[%emt 0:00:31]} 23. exf5 {[%emt 0:03:08]} d5 {[%emt 0:00:48]} 24. g5 {[%emt 0:06:51]} e4 {[%emt 0:02:32]} 25. Qd4 {[%emt 0:02:39]} Rg8 {[%emt 0:00:05]} 26. gxf6 {[%emt 0:06:11]} Qg3 {[%emt 0:00:05]} 27. Rf2 {[%emt 0:00:33]} Bd6 {[%emt 0:00:05]} 28. Qxd5 {[%emt 0:00:40]} Qxh3 {[%emt 0:02:49]} 29. Qxd6 {[%emt 0:02:04]} 1-0